Pink Floyd Songs By Emojis - Statistics

General Stats
  • This quiz has been taken 534 times
  • The average score is 9 of 16
Answer Stats
Emojis Song % Correct
Money
99%
Time
96%
Sheep
92%
Shine On You Crazy Diamond
81%
Brain Damage
78%
Atom Heart Mother
64%
Pigs On The Wing
64%
Welcome to the Machine
54%
Goodbye Cruel World
50%
The Dogs of War
48%
Waiting For The Worms
45%
Burning Bridges
38%
Fat Old Sun
30%
Two Suns in the Sunset
26%
Crying Song
22%
Interstellar Overdrive
15%
No matching quizzes found
Score Distribution
Percent of People with Each Score
Percentile by Number Answered
Your Score History
You have not taken this quiz